000 00960nas a2200325 4500
001 BR0302796
003 BR-BrBNA
005 20231205103835.0
007 ta
008 230509b bl.|||p| |||| 00| 00por d
040 _aBR-BrBNA
_bpor
_cBiblioteca Nacional de Agricultura
041 _a(Pt)
072 _aP34; P33
100 1 _aGomes, J.
100 1 _aDick, D.P.
100 1 _aSouza, R.F.
245 1 _aSorção de atrazina em cambissolo húmico do Rio Grande do Sul sob vegetação nativa
650 _aSOLO
650 _aHÚMUS
650 _aATRAZINA
650 _aSORÇÃO
650 _aANÁLISE DO SOLO
650 _aMATÉRIA ORGÂNICA
650 _aVEGETAÇÃO NATIVA
650 _aMODELO MATEMÁTICO
650 _aRIO GRANDE DO SUL
773 0 _tRevista Brasileira de Ciência do Solo (Brazil)
_xISSN 0100-0683
_g(Apr-Jun 2002), v. 26(2) p. 521-528
_wBR0302796
909 _a202311
_bLúcia
_c55
_dLúcia Elande
942 _2AGRIS
_n0
_cANA
999 _c174999
_d174999